Modulation and CAP reform special (Record no. 71398)
[ view plain ]
| 000 -LEADER | |
|---|---|
| fixed length control field | 00952cam a2200301 4500 |
| 001 - CONTROL NUMBER | |
| control field | ABS66110 |
| 008 - FIXED-LENGTH DATA ELEMENTS--GENERAL INFORMATION | |
| fixed length control field | 021021n2002 000 0 eng u |
| 035 ## - SYSTEM CONTROL NUMBER | |
| System control number | (Sirsi) u120198 |
| 100 ## - MAIN ENTRY--PERSONAL NAME | |
| Personal name | Gorlach, W. |
| 245 ## - TITLE STATEMENT | |
| Title | Modulation and CAP reform special |
| 260 ## - PUBLICATION, DISTRIBUTION, ETC. | |
| Date of publication, distribution, etc. | 2002 |
| 490 ## - SERIES STATEMENT | |
| Series statement | RICS Rural Professional |
| Volume/sequential designation | August/September 2002, 14-23(10) |
| 520 ## - SUMMARY, ETC. | |
| Summary, etc. | A series of articles which describe the RICS business breakfast at the Royal Show 2002; the reform of CAP; the future of European agriculture; and the impact on individual farmers by studying the impact of modulation on six farms. |
| 590 ## - LOCAL NOTE (RLIN) | |
| Local note | ABS |
| 650 ## - SUBJECT ADDED ENTRY--TOPICAL TERM | |
| Topical term or geographic name entry element | CAP |
| 650 ## - SUBJECT ADDED ENTRY--TOPICAL TERM | |
| Topical term or geographic name entry element | REFORMS |
| 650 ## - SUBJECT ADDED ENTRY--TOPICAL TERM | |
| Topical term or geographic name entry element | AGRICULTURAL POLICY |
| 650 ## - SUBJECT ADDED ENTRY--TOPICAL TERM | |
| Topical term or geographic name entry element | MODULATION |
| 650 ## - SUBJECT ADDED ENTRY--TOPICAL TERM | |
| Topical term or geographic name entry element | FARMING |
| 650 ## - SUBJECT ADDED ENTRY--TOPICAL TERM | |
| Topical term or geographic name entry element | CASE STUDIES |
| 650 ## - SUBJECT ADDED ENTRY--TOPICAL TERM | |
| Topical term or geographic name entry element | EUROPE |
| 690 ## - LOCAL SUBJECT ADDED ENTRY--TOPICAL TERM (OCLC, RLIN) | |
| Topical term or geographic name as entry element | RURAL-AGRICULTURE AND FORESTRY |
| 700 ## - ADDED ENTRY--PERSONAL NAME | |
| Personal name | Wyn, E. |
| 700 ## - ADDED ENTRY--PERSONAL NAME | |
| Personal name | Beach, S. |
| 700 ## - ADDED ENTRY--PERSONAL NAME | |
| Personal name | Appleby, M. |
| 700 ## - ADDED ENTRY--PERSONAL NAME | |
| Personal name | Busk, N. |
| 942 ## - ADDED ENTRY ELEMENTS (KOHA) | |
| Suppress in OPAC | 0 |
| Withdrawn status | Lost status | Source of classification or shelving scheme | Damaged status | Not for loan | Home library | Current library | Shelving location | Date acquired | Total Checkouts | Full call number | Barcode | Date last seen | Copy number | Price effective from | Koha item type |
|---|---|---|---|---|---|---|---|---|---|---|---|---|---|---|---|
| Dewey Decimal Classification | London | London | Journal article | 21/10/2002 | ABS66110 | 120198-1001 | 06/08/2019 | 1 | 06/08/2019 | Journal article |